Szczegóły MARC21

Mutter Courage und ihre Kinder : eine Chronik aus dem Dreißigjährigen Krieg /

003 -Nazwa inst., której nr kontr. jest w polu 001 [,]
    • @
    • Nazwa instytucji, której n kontrolny jest w polu 001
    • NUKAT
005 -DATA I CZAS OSTATNIEJ MODYFIKACJI [,]
    • @
    • pole kontrolne
    • 20260414221051.0
020 -Międzynarod. znormalizowany nr książki - ISBN [ , ]
    • a
    • Numer ISBN
    • 3518100491 Find
040 -Instytucja sporządzająca opis [ , ]
    • a
    • Instytucja, która sporządziła opis (NP)
    • SZCZ U/MC
    • b
    • Język katalogowania
    • pol
    • e
    • Zasady katalogowania
    • rda
    • c
    • Instytucja, która sporządziła rekord (NP)
    • SZCZ U/MCs
942 -Rodzaj dokumentu [ , ]
    • c
    • Rodzaj dokumentu
    • Książka
100 -Hasło główne - nazwa osobowa [1, ]
    • a
    • Nazwa osobowa (NP)
    • Brecht, Bertolt
    • d
    • Daty biograficzne (NP)
    • (1898-1956).
    • e
    • Rodzaj współpracy
    • Autor
    • 9
    • KHW
    • 51242
240 -Tytuł ujednolicony [1,0]
    • a
    • Tytuł ujednolicony
    • Mutter Courage und ihre Kinder
    • l
    • Język tekstu
    • (niem.)
    • 9
    • KHW
    • 401927
245 -Strefa tytułu i oznaczenia odpowiedzialności [1,0]
    • a
    • Tytuł
    • Mutter Courage und ihre Kinder : Find
    • b
    • Ciąg dalszy tytułu (NP)
    • eine Chronik aus dem Dreißigjährigen Krieg / Find
    • c
    • Pozostałe elementy strefy tytułu i oznaczenia odpowiedzialności (NP)
    • Bertolt Brecht.
260 -Strefa adresu wydawniczego [ , ]
    • a
    • Miejsce wydania (P)
    • Berlin :
    • b
    • Nazwa wydawcy (P)
    • Suhrkamp Verlag,
    • c
    • Data wydania (P)
    • 1994.
300 -Strefa opisu fizycznego [ , ]
    • a
    • Określenie formy książki i/lub objętość (NP)
    • 107, [1] strona ;
    • c
    • Format (NP)
    • 18 cm.
336 -Typ zawartości [ , ]
    • a
    • Termin opisujący typ zawartości
    • Tekst
    • b
    • Kod określający zawartość
    • txt
    • 2
    • Źródło (terminu i kodu)
    • rdacontent
337 -Typ mediów [ , ]
    • a
    • Tryb odtwarzania
    • Bez urządzenia pośredniczącego
    • b
    • Kod typu mediów
    • n
    • 2
    • Źródło (terminu i kodu)
    • rdamedia
338 -Typ/rodzaj nośnika [ , ]
    • a
    • Hasło opisujące typ nośnika
    • Wolumin
    • b
    • Kod typu nośnika
    • nc
    • 2
    • Źródło (terminu i kodu)
    • rdacarrier
380 -Deskryptor - Forma dzieła (P) [ , ]
    • a
    • forma dzieła (NP)
    • Dramat (rodzaj)
380 -Deskryptor - Forma dzieła (P) [ , ]
    • a
    • forma dzieła (NP)
    • Książki
386 -Deskryptor - przynależność kulturowa (P) [ , ]
    • m
    • Wyrażenie wprowadzające (NP)
    • Przynależność kulturowa
    • a
    • Przynależność kulturowa (NP)
    • Literatura niemiecka
388 -Deskryptor - czas powstania dzieła (P) [1, ]
    • a
    • Czas powstania dzieła (NP)
    • 1901-2000
388 -Deskryptor - czas powstania dzieła (P) [1, ]
    • a
    • Czas powstania dzieła (NP)
    • 1945-1989
490 -Strefa serii i książki wielotomowej - forma nie do wyszukiwania [1, ]
    • a
    • Tytuł (P)
    • Edition Suhrkamp ; Find
    • v
    • Numeracja (P)
    • 49
830 -Hasło dodatkowe serii i opisu książki wielotomowej - tytuł ujednolicony/tytuł [ ,0]
    • a
    • Tytuł ujednolicony/tytuł (NP)
    • Edition Suhrkamp
    • x
    • ISSN
    • 0422-5821
    • v
    • Oznaczenie tomu (NP)
    • 49
    • 9
    • KHW
    • 22943
080 -Uniwersalna Klasyfikacja Dziesiętna [ , ]
    • a
    • Symbol klasyfikacji
    • 830-2=30
655 -Hasło w funkcji tematu formalnego [ ,7]
    • a
    • Hasło
    • Dramat (gatunek literacki)
    • 2
    • Źródło terminu
    • DBN
    • 9
    • KHW
    • 724932
655 -Hasło w funkcji tematu formalnego [ ,7]
    • a
    • Hasło
    • Dramat niemiecki
    • y
    • Określnik chronologiczny
    • 1900-1945.
    • 2
    • Źródło terminu
    • kaba
    • 9
    • KHW
    • 402016
980 -Symbol UKD [ , ]
    • a
    • UKD
    • 830-2=30
710 -Hasło dodatkowe - nazwa ciała zbiorowego [2, ]
    • a
    • Nazwa ciała zbiorowego lub nazwa geograficzna jako pierwszy element (NP)
    • Suhrkamp Verlag.
    • e
    • Rodzaj współpracy
    • Wydawca
    • 4
    • Kod relacji
    • pbl
    • 9
    • KHW
    • 56105
920 -ISBN [ , ]
    • a
    • ISBN
    • 3-518-10049-1 Find
Numer inwentarzowy Status udost. Sygnatura Data inwentaryzacji Lokalizacja
G.13798-3Germ. Dramat niemiecki1998-09-15BM
G.13797-3Germ. Dramat niemiecki1998-09-15BM